| 000 | 00917cab a2200337 4500 | ||
|---|---|---|---|
| 001 | ABS48797 | ||
| 008 | 090401t1993 xxu||||| |||| 00| 0 eng d | ||
| 035 | _a(Sirsi) u68571 | ||
| 041 | _aeng | ||
| 245 | _aCentrefolio: South-west | ||
| 260 | _c1993 | ||
| 350 | _a0 | ||
| 490 |
_aCSW - The Property Week _v43(12) 17 June 1993, 31-51(10) |
||
| 650 | _aBARNSTAPLE | ||
| 650 | _aCORNWALL | ||
| 650 | _aDEVON | ||
| 650 | _aEXETER | ||
| 650 | _aINDUSTRIAL MARKET | ||
| 650 | _aPROPERTY-COMMERCIAL PROPERTY-OFFICE PROPERTY-OFFICE PROPERTY MARKET | ||
| 650 | _aPENZANCE | ||
| 650 | _aPLYMOUTH | ||
| 650 | _aPROPERTY-COMMERCIAL PROPERTY-RETAIL PROPERTY-RETAIL PROPERTY MARKET | ||
| 650 | _aSOMERSET | ||
| 650 | _aTAUNTON | ||
| 650 | _aTRURO | ||
| 650 | _aWINCANTON | ||
| 650 | _aYEOVIL | ||
| 690 | _aPROPERTY-COMMERCIAL PROPERTY-COMMERCIAL PROPERTY MARKET | ||
| 942 | _n0 | ||
| 948 | _c04/03/1997 | ||
| 999 |
_c43021 _d43021 |
||